LEADER 00856cam0 2200253 450 001 E600200034870 005 20210128080256.0 100 $a20080226d1961 |||||ita|0103 ba 101 $aeng 102 $aUS 200 1 $aModels of Man$eSocial and Rational$eMathematical Essays on Rational Human Behavior in a Social Setting$fHerbert A. Simon 205 $a2 ed. 210 $aNew York$cJohn Wiley & Sons$d1961 215 $aXIV, 288 p.$d23 cm 700 1$aSimon$b, Herbert_A.$3AF00013433$4070$0458148 801 0$aIT$bUNISOB$c20210128$gRICA 850 $aUNISOB 852 $aUNISOB$j300$m10963 912 $aE600200034870 940 $aM 102 Monografia moderna SBN 941 $aM 957 $a300$b001231$gSi$d10963$racquisto$1pregresso3$2UNISOB$3UNISOB$420080226074909.0$520190709091254.0$6Spinosa 996 $aModels of Man$91683404 997 $aUNISOB